El Evangelio, fuente de cultura. Doctrina Social de la Iglesia.
Zapisane w:
| 1. autor: | |
|---|---|
| Format: | Książka |
| Język: | hiszpański |
| Wydane: |
Santiago, Chile:
San Pablo,
1993.
|
| Wydanie: | 1a. edición. |
| Seria: | Nueva Evangelización,
|
| Hasła przedmiotowe: | |
| Etykiety: |
Dodaj etykietę
Nie ma etykietki, Dołącz pierwszą etykiete!
|
MARC
| LEADER | 00000cam a2200000 a 4500 | ||
|---|---|---|---|
| 001 | UCE8043 | ||
| 003 | CL-VaPUC | ||
| 005 | 20250103100412.0 | ||
| 008 | 150728e19930000cl |||||||||||||||||spa|d | ||
| 999 | |c 359999 |d 359997 | ||
| 020 | |a 956-256-168-2 | ||
| 040 | |c Pontificia Universidad Católica de Valparaíso | ||
| 082 | 0 | 4 | |a 261.1 BIG 1993 |2 21 |
| 100 | |a Bigo, Pierre |e autor |9 317623 | ||
| 245 | 1 | 3 | |a El Evangelio, fuente de cultura. |b Doctrina Social de la Iglesia. |
| 250 | |a 1a. edición. | ||
| 260 | |a Santiago, Chile: |b San Pablo, |c 1993. | ||
| 300 | |a 135 páginas. | ||
| 490 | 0 | |a Nueva Evangelización, |n 9. | |
| 500 | |a c.2 Donación Sr. Jorge Precht Pizarro. 26-05-23. Biblioteca Teología. | ||
| 583 | |a last modification |c 20150728 02:04:00 |k Rodrigo Vera | ||
| 650 | 0 | |a Iglesia Católica |x Doctrina social |9 256114 | |
| 650 | 0 | |a Cristianismo |9 257361 |x Aspectos sociales, políticos y económicos | |
| 942 | |c BK |2 ddc | ||
| 945 | |d 20150728 02:04:00 |a dcastane | ||
| 952 | |0 0 |1 0 |3 erb |4 0 |6 261_100000000000000_BIG_1993 |7 0 |8 A |9 469624 |a BIBTEO |b BIBTEO |e Villagrán Garnham, Jorge |i 5185866 |o 261.1 BIG 1993 |p 5185866 |r 2025-01-17 |w 2019-11-23 |y BK |z Catalogado en:20150728 |k ICR | ||
| 952 | |0 0 |1 0 |2 ddc |4 0 |6 261_100000000000000_BIG_1993 |7 0 |8 A |9 591711 |a BIBTEO |b BIBTEO |d 2023-09-27 |e Donación |i 5658753 |o 261.1 BIG 1993 |p 5658753 |r 2025-01-17 |t 2 |w 2023-09-27 |y BK |k ICR | ||